<The> Mexican Financial Crisis <A> Test of the Resilience of the Markets for Developing Country Securities

Saved in:
Bibliographic Details
Main Author: Andrews, David
Other Authors: Ishii, Shogo
Format: Book
Language:English
Published: Washington International Monetary Fund 1995
Edition:1. ed.
Series:IMF Working Paper 132
Subjects:
Tags: Add Tag
No Tags, Be the first to tag this record!

MARC

LEADER 00000nam a2200000 4500
001 c016132
005 20221205133255.6
041 0 |a eng 
044 |a US 
245 1 0 |a <The> Mexican Financial Crisis  |b <A> Test of the Resilience of the Markets for Developing Country Securities  |c David Andrews, Shogo Ishii 
250 |a 1. ed. 
264 1 |a Washington  |b International Monetary Fund  |c 1995 
300 |a 33 s. 
490 1 |a IMF Working Paper  |v 132 
830 0 |a IMF Working Paper  |v 132 
610 2 0 |a kríza finančná 
610 2 0 |a Mexiko 
610 2 0 |a trh finančný 
610 2 0 |a trh kapitálový medzinárodný 
610 2 0 |a ochrana investícií 
610 2 0 |a záväzky hospodárske 
610 2 0 |a krajiny rozvojové 
100 1 |a Andrews, David 
700 1 |a Ishii, Shogo